Innovative technologies for buildings (Record no. 110638)
[ view plain ]
| 000 -LEADER | |
|---|---|
| fixed length control field | 01222cad a22002175a 4500 |
| 001 - CONTROL NUMBER | |
| control field | E149814 |
| 008 - FIXED-LENGTH DATA ELEMENTS--GENERAL INFORMATION | |
| fixed length control field | 100430s2009 xxk f 000 0 eng d |
| 020 ## - INTERNATIONAL STANDARD BOOK NUMBER | |
| International Standard Book Number | 9789279126093 |
| 035 ## - SYSTEM CONTROL NUMBER | |
| System control number | (Sirsi) u149814 |
| 041 0# - LANGUAGE CODE | |
| Language code of text/sound track or separate title | eng |
| 110 2# - MAIN ENTRY--CORPORATE NAME | |
| Corporate name or jurisdiction name as entry element | European Commission |
| 9 (RLIN) | 2292 |
| 245 00 - TITLE STATEMENT | |
| Title | Innovative technologies for buildings |
| Remainder of title | EU-funded research to transform the construction sector |
| Medium | [electronic resource] |
| 260 ## - PUBLICATION, DISTRIBUTION, ETC. | |
| Place of publication, distribution, etc. | Luxembourg |
| Name of publisher, distributor, etc. | Office for Official Publications of the European Communities |
| Date of publication, distribution, etc. | 2009 |
| 505 2# - FORMATTED CONTENTS NOTE | |
| Formatted contents note | A strong foundation for construction in Europe 'Intelligent houses' meet safety and life-style aspirations -- Tunnelling made safer, faster, more economical -- Industrialised concepts promise huge savings -- 'Open Building' strides beyond prefabrication -- Strategy for stone strengthens EU position -- Textiles tailored for innovative buildings -- Outlook |
| 520 ## - SUMMARY, ETC. | |
| Summary, etc. | Summarises current and recently completed EU-funded research projects in the field of construction. |
| 590 ## - LOCAL NOTE (RLIN) | |
| Local note | KA |
| 651 #4 - SUBJECT ADDED ENTRY--GEOGRAPHIC NAME | |
| Geographic name | Europe |
| 690 ## - LOCAL SUBJECT ADDED ENTRY--TOPICAL TERM (OCLC, RLIN) | |
| Topical term or geographic name as entry element | BUILT ENVIRONMENT |
| 856 40 - ELECTRONIC LOCATION AND ACCESS | |
| Uniform Resource Identifier | <a href="https://ec.europa.eu/research/industrial_technologies/pdf/construction-090622_en.pdf">https://ec.europa.eu/research/industrial_technologies/pdf/construction-090622_en.pdf</a> |
| Public note | View the report free of charge at http://ec.europa.eu |
| 942 ## - ADDED ENTRY ELEMENTS (KOHA) | |
| Suppress in OPAC | 0 |
| Withdrawn status | Lost status | Source of classification or shelving scheme | Damaged status | Not for loan | Home library | Current library | Shelving location | Date acquired | Total Checkouts | Full call number | Barcode | Date last seen | Copy number | Price effective from | Koha item type |
|---|---|---|---|---|---|---|---|---|---|---|---|---|---|---|---|
| Dewey Decimal Classification | Virtual | Virtual | Online | 30/04/2010 | ONLINE PUBLICATION | 149814-2001 | 06/08/2019 | 1 | 06/08/2019 | Book |